| 000 | 00604nam a2200205Ia 4500 | ||
|---|---|---|---|
| 008 | 240729s9999 xx 000 0 und d | ||
| 022 | _a2663-5089 | ||
| 245 | 0 | _aBulletin of the Karaganda University | |
| 260 | _aKazakhstan | ||
| 260 | _bAcademician Ye.A. Buketov Karaganda University | ||
| 650 | _a Heat | ||
| 650 | _a Nuclear and particle physics. Atomic energy. Radioactivity | Science | ||
| 650 | _a Physics | ||
| 650 | _a Physics | ||
| 650 | _a Thermodynamics | ||
| 650 | _aScience | ||
| 856 | _uhttps://doaj.org/toc/cb5fdae92ac647f7a9e0efd9eca41009 | ||
| 942 | _2ddc | ||
| 942 | _cDOAJEJ | ||
| 999 |
_c68913 _d68913 |
||
| 945 |
_a1 _bMadushi Gamage _c1 _dMadushi Gamage |
||